MGMT / (Record no. 21595)

000 -LEADER
fixed length control field 01212cam a22003614a 4500
001 - CONTROL NUMBER
control field 15574420
003 - CONTROL NUMBER IDENTIFIER
control field OSt
005 - DATE AND TIME OF LATEST TRANSACTION
control field 20170121154521.0
008 - FIXED-LENGTH DATA ELEMENTS--GENERAL INFORMATION
fixed length control field 090105s2010 ohua b 001 0 eng
010 ## - LIBRARY OF CONGRESS CONTROL NUMBER
LC control number 2009920121
020 ## - INTERNATIONAL STANDARD BOOK NUMBER
International Standard Book Number 9780324787122 (package)
020 ## - INTERNATIONAL STANDARD BOOK NUMBER
International Standard Book Number 032478712X (package)
020 ## - INTERNATIONAL STANDARD BOOK NUMBER
International Standard Book Number 9780324787139 (textbk.)
020 ## - INTERNATIONAL STANDARD BOOK NUMBER
International Standard Book Number 0324787138 (textbk.)
020 ## - INTERNATIONAL STANDARD BOOK NUMBER
International Standard Book Number 9780324787115 (bindin se cards)
020 ## - INTERNATIONAL STANDARD BOOK NUMBER
International Standard Book Number 9781439039748 (bindin ie cards)
020 ## - INTERNATIONAL STANDARD BOOK NUMBER
International Standard Book Number 9781439039724 (IE package)
020 ## - INTERNATIONAL STANDARD BOOK NUMBER
International Standard Book Number 1439039720 (IE package)
020 ## - INTERNATIONAL STANDARD BOOK NUMBER
International Standard Book Number 9781439039731
020 ## - INTERNATIONAL STANDARD BOOK NUMBER
International Standard Book Number 1439039739
040 ## - CATALOGING SOURCE
Original cataloging agency DLC
Transcribing agency DLC
050 00 - LIBRARY OF CONGRESS CALL NUMBER
Classification number HD31 .W55 2010
100 1# - MAIN ENTRY--PERSONAL NAME
Personal name Williams, Chuck,
Dates associated with a name 2010
245 10 - TITLE STATEMENT
Title MGMT /
Statement of responsibility, etc. Chuck Williams.
246 3# - VARYING FORM OF TITLE
Title proper/short title Chuck Williams MGMT
250 ## - EDITION STATEMENT
Edition statement Student ed., 2nd 2009-2010 ed.
260 ## - PUBLICATION, DISTRIBUTION, ETC. (IMPRINT)
Place of publication, distribution, etc. Mason, OH :
Name of publisher, distributor, etc. South-Western Cengage Learning,
Date of publication, distribution, etc. 2010.
300 ## - PHYSICAL DESCRIPTION
Extent ix,374p.;
Other physical details ill. ;
Dimensions 28 cm.
500 ## - GENERAL NOTE
General note includes bibliographical references and index.
650 #0 - SUBJECT ADDED ENTRY--TOPICAL TERM
Topical term or geographic name as entry element Management.
906 ## - LOCAL DATA ELEMENT F, LDF (RLIN)
a 7
b cbc
c orignew
d 2
e epcn
f 20
g y-gencatlg
942 ## - ADDED ENTRY ELEMENTS (KOHA)
Source of classification or shelving scheme
Koha item type Hard Covered Materials
Classification part HD31 .W55 2010
Call number prefix 29926
Holdings
Withdrawn status Lost status Source of classification or shelving scheme Damaged status Not for loan Home library Current library Shelving location Date acquired Source of acquisition Total Checkouts Full call number Barcode Date last seen Date last checked out Price effective from Koha item type
          MACHAKOS UNIVERSITY LIBRARY MACHAKOS UNIVERSITY LIBRARY Technical section 21/01/2017 Donation(BFA) 1 HD31 .W55 2010 29926 10/12/2020 10/12/2020 21/01/2017 Hard Covered Materials
© Machakos University Library, Along The Highway, Machakos Wote Rd, Machakos, Kenya P.O. Box 136 - 90100 Machakos - Kenya

Tel: ( +254 ) 723 805829 OR Fax : 044-20353 OR Email: library@mksu.ac.ke